Seeds sowed : (Record no. 41004)
[ view plain ]
| 000 -LEADER | |
|---|---|
| fixed length control field | 00625nam a22001937a 4500 |
| 005 - DATE AND TIME OF LATEST TRANSACTION | |
| control field | 2010081109169.0 |
| 010 ## - LCCN (DPL NO) | |
| LC control number | ENG-99675 |
| 020 ## - INTERNATIONAL STANDARD BOOK NUMBER | |
| Terms of availability | 35.00 |
| 035 ## - SYSTEM CONTROL NUMBER | |
| System control number | EN-83207 |
| 037 ## - SOURCE OF ACQUISITION | |
| Source of stock number/acquisition | DBAD/PUB |
| 082 ## - DEWEY DECIMAL CLASSIFICATION NUMBER | |
| Classification number | 881 |
| 100 ## - MAIN ENTRY--PERSONAL NAME | |
| Personal name | Retnavathy, J. Renuka |
| 245 ## - TITLE STATEMENT | |
| Title | Seeds sowed : |
| Remainder of title | poems / |
| Statement of responsibility, etc | by J. Renuka Retnavathy |
| 260 ## - PUBLICATION, DISTRIBUTION, ETC. (IMPRINT) | |
| Place of publication, distribution, etc | Nagercoil |
| Name of publisher, distributor, etc | J. Renuka Retnavathy |
| Date of publication, distribution, etc | 2010 |
| 270 ## - ADDRESS | |
| Address | 243A, Kumari Nesavalar Colony |
| City | Nagercoil |
| Postal code | 629003 |
| 300 ## - PHYSICAL DESCRIPTION | |
| Extent | 66p. |
| Dimensions | 20cm (pbk) |
| 942 ## - ADDED ENTRY ELEMENTS (KOHA) | |
| Source of classification or shelving scheme | Dewey Decimal Classification |
| Item type | English Books |
| Classification part | 881 |
| Call number suffix | RET |
| Withdrawn status | Lost status | Not for loan | Collection code | Home library | Current library | Date acquired | Source of acquisition | Cost, normal purchase price | Full call number | Barcode | Copy number | Cost, replacement price | Koha item type |
|---|---|---|---|---|---|---|---|---|---|---|---|---|---|
| Not For Loan | Non-fiction | D.B.Act.Division | D.B.Act.Division | 11/08/2010 | DBAD/PUB | 35.00 | 881 RET | EN-83207 | 1 | 35.00 | English Books |
